| 000 | 00771nam a2200265Ia 4500 | ||
|---|---|---|---|
| 001 | Para_5265 | ||
| 003 | CHAP | ||
| 008 | 220125s1921 xx 000 0 und d | ||
| 010 | _a203737 | ||
| 040 | _cCHAP | ||
| 090 | _aPA FOLLETO 2606 | ||
| 100 |
_aCobbs, John L _924166 |
||
| 245 |
_aFarmers' bulletins nos. 1076-1100 : _b with contents and index / _c John L. Cobbs |
||
| 260 |
_aWashington : _b Department of Agriculture |
||
| 300 | _a19 p. | ||
| 440 |
_aEUA. Dep. of Agri. Bull.; 1076-1100 _9169621 |
||
| 650 |
_aAgricultura y ganaderĂa _x BibliografĂa _92076 |
||
| 901 | _aPA FOLLETO 2606 | ||
| 902 | _aA | ||
| 905 | _a0000001921 WAS 0000000000 00 | ||
| 910 | _a1921 | ||
| 942 | _cPARA | ||
| 942 |
_cPARA _d1 |
||
| 999 |
_c203737 _d203737 |
||